000 00740nam a2200229Ia 4500
003 OSt
005 20220923225359.0
006 a|||||r|||| 00| 0
007 ta
008 220922b |||||||| |||| 00| 0 mar d
024 _a264,829
037 _cTextual
040 _aARTS
_cARTS
_bmar
041 _2mar
_amar
082 _aP155:4:5, 155J7;N0
100 _aआपटे, वा0 गो0
245 0 _aमराठी भाषेचे संप्रदाय व म्हणी
246 _aMarāṭhī bhāṣheche sanpradāya v mhaṇī
260 _aपुणे
_b वरदा बुक्स
_c1990
942 _hP155:4:5, 155J7;N0
_cTEXL
_2CC
999 _c377909
_d377909